000 00524nam a22001817a 4500
005 20180820171818.0
010 _aENG-123743
020 _c295.00
_a81824707492
035 _aEN-107275
037 _bDBAD/PUB
082 _a582.1609549
100 _aMehta, V.P.
245 _aHimalayan Trees /
_cby V.P. Mehta
260 _aChandigarh
_bAbhishek Publications
_c2008
270 _bChandigarh
_aSCO 57-59, Sector 17-C
_e160017
300 _a111p.
_c21cm(Hb)
_bill.
942 _2ddc
_cEN
_h582.1609549
_mMEH
999 _c156136
_d156136